000 00576nam a22002057a 4500
003 KOHA_MİRAKIL
005 20260330123213.0
008 260330b tu ||||| |||| 00| 0 tur d
040 _aTR-AnABB
_btur
_cTR-AnABB
041 _atur
082 _a923.1
_bINO 1985
100 1 _aİnönü, İsmet
245 1 0 _aHatıralar /
_cİsmet İnönü
246 _aİsmet İnönü Hatıralar
260 _aAnkara :
_bBilgi Yayınevi,
_c1985
300 _a346 sayfa ;
_c24 cm
650 0 4 _aBiyografi
651 0 4 _aİsmet İnönü, Hatıralar
_93213
942 _2ddc
_cBK
999 _c10089
_d10089
900 _bCan ÇELIK